00326nam a2200121Ia 4500008004100000041000800041082001400049100001900063245004400082260004100126300003000167365000700197240624s9999 xx 000 0 und d aeng a658.8 CHA aCHATTERJEE B K aMARKETING MANAGEMENT A FINANCE EMPHASIS c2002aMumbaibJaico Publishing House axi, : 533 : p. : cm. ; 22 cRS